000 00650nam a22002657a 4500
001 BR6004021
003 BR-BrBNA
005 20230928095602.0
007 ta
008 230509b bl.||||| |||| 00| 0 por d
040 _aBR-BrBNA
_bpor
_cBiblioteca Nacional de Agricultura
041 _a(Por)
072 _aF00
_b2290
090 _ 2290 BR6004021
100 1 _aLima, A.R.
100 1 _aKiehl, C.J.
245 1 _aNotas sobre a cultura da hortela-pimenta
260 3 _a[np](Brasil):
_c1944.
300 _a25 p.
650 _aMenta
650 _aMenta
650 _aPratica Cultural
909 _a202309
_bLucia
_c55
_dLucia Elande
942 _cBK
999 _c57446
_d57446